000 01095nam a22002657a 4500
999 _c19099
_d19099
003 AR-CdUCM
008 190516b ||||| |||| 00| 0 spa d
040 _aMUNICIPALIDAD PROVINCIAL DEL CUSCO
_cBIBLIOTECA MUNICIPAL DEL CUSCO
041 _hfre
082 _a733.385 /
_bC75
100 _aCollignon, Maximo
_940223
245 _aScopas y Praxíteles :
_bla escultura griega desde el siglo IV hasta la época de Alejandro /
260 _aBuenos Aires :
_bEl Ateneo,
_c1948.
300 _a198 páginas ;
_bilustraciones, figuras, láminas,
_c21 cm.
505 _aContenido: La transición del siglo V al IV -- Scopas -- Scopas y la escultura monumental en Asia Menor -- Praxiteles -- Los contemporáneos de Scopas y Praxiteles -- Sobre algunas obras anónimas ...
650 _aPraxiteles
_940224
650 _aEscopas
_940225
650 _aEscultura griega
_940226
650 _aAtenas
_932196
650 _aEscultores
_913453
700 _aFrarias, Javier (traducción)
_940227
700 _aSolá, Miguel (noticia preliminar)
_940228
942 _2ddc
_cLIBROS
945 _aachl
_d2019-05-16